000 00664nam a2200217Ia 4500
008 140527s9999 xx 000 0 und d
020 _a9780324601138
050 _aHG 6024.A3
_b.C36 2010
100 _aChance, Don M.
245 3 _aAn introduction to derivatives and risk management /
_cDon M. Chance, Robert Brooks
250 _a8th ed.
260 _aAustralia :
_bSouth- Western Cengage Learning,
_cc2010.
300 _a652 p. :
_bcol. ill. ;
_c26 cm.
500 _aIncludes appendices, glossary and index.
521 _aBSBA
650 _aFutures market.
650 _aFutures.
650 _aOptions (Finance)
942 _kFOR
_cBK
999 _c117433
_d117433